Çevresel elektro-kirlenme ve insan (Record no. 4879)

MARC details
000 -BAŞLIK
Sabit Uzunlukta Kontrol Alanı 00596na a2200217 4500
001 - KONTROL NUMARASI
Denetim Alanı 17846
003 - KONTROL NUMARASI IDENTIFIER
Denetim Alanı MIRAKIL
005 - SON İŞLEM TARİHİ VE ZAMANI
Denetim Alanı 20181213155021.0
008 - SABİT-BOY VERİ ELEMANLARI - GENEL BİLGİLER
Sabit Uzunlukta Kontrol Alanı 161107b tu 000 0
040 ## - KATALOGLAMA KAYNAK
Orijinal Kataloglama Ajansı Milas
Kataloglama Dili tur
Metne Dönüştürmek Ajansı TR-AnCHP
041 ## - DİL KODU
Metin / Ses Parça Veya Ayrı Başlığın Dil Kodu tur
082 ## - DEWEY ONLU SINIFLANDIRMA NUMARASI
Sınıflandırma Numarası 304.2
Ürün Numarası Ç38 1996
090 ## - SINIFLAMA NUMARASI
Sınıflama Numarası 304.2 Ç38 1996
245 ## - BAŞLIK TABLOSU
Başlık Çevresel elektro-kirlenme ve insan
Sorumluluk Tablosu, Vb Editör Nuray Kırdı
260 ## - YAYIN, DAĞITIM, VB
Yayın, Dağıtım, Vb Yeri Ankara
Yayıncı, Dağıtıcı, Vs Adı Türkiye Fizyoterapistler Derneği
Yayın, Dağıtım, Vb Tarihi 1996
300 ## - FİZİKSEL TANIM
Kapsam 62 s.
Boyutlar 23 sm.
504 ## - KAYNAKÇA VB NOT
Kaynakça Vb Notu Kaynakça var.
650 ## - KONU KATMA GİRİŞ - TOPİKAL DÖNEM
Topikal Süreli Veya Coğrafi Ad Giriş Elemanı Çevre
Genel Alt Bölümü Elektronik kirlilik
700 ## - KATMA GİRİŞ - KİŞİSEL İSİM
Kişisel Ad Kırdı, Nuray
942 ## - EKLENDİ GİRİŞ ELEMANLARI (KOHA)
Sınıflandırma Veya Raf Düzeni Kaynak Dewey Decimal Classification
Koha Öğesi Türü Books
999 ## - SİSTEM KONTROL NUMARALARI (KOHA)
Koha Biblionumber 4879
Koha Biblioitemnumber 4879
Holdings
Kalıcı Konum Mevcut Konum Edinme Tarihi Edinim Kaynak Toplam Check-Out'Lar Tam Çağrı Numarası Barkod Tarih Son Görülme İtibaren Geçerli Fiyatlar Koha Öğesi Türü
CHP Kütüphanesi CHP Kütüphanesi 11/07/2016 Bağış   304.2 Ç38 1996 008386 11/07/2016 11/07/2016 Books